Puerta sagrada, que, con la celebérrima exposición del P. Fr. Nicolas de Lira, ofrece libre entrada a las postillas evangelicas, y à la inteligencia de los Sagrados Evangelios con variedad de Assumptos (Record no. 8561)

MARC details
000 -CABECERA
campo de control de longitud fija 01805nam a2200289 a 4500
001 - NÚMERO DE CONTROL
campo de control BRCA_8910
005 - FECHA Y HORA DE LA ÚLTIMA TRANSACCIÓN
campo de control 20190320210445.0
008 - DATOS DE LONGITUD FIJA--INFORMACIÓN GENERAL
campo de control de longitud fija 190617s1760----sp-#######---#000-0#spa-#
041 ## - CÓDIGO DE LENGUA
Código de lengua del texto/banda sonora o título independiente spa
044 ## - CÓDIGO DEL PAÍS DE LA ENTIDAD EDITORA/PRODUCTORA
Código MARC del país sp
084 ## - OTRO NÚMERO DE CLASIFICACIÓN
Número de clasificación CO72
Número de documento/Ítem .P53 1760
100 1# - ENTRADA PRINCIPAL--NOMBRE DE PERSONA
Nombre de persona Picornell, Juan
9 (RLIN) 22157
245 10 - MENCIÓN DE TÍTULO
Título Puerta sagrada, que, con la celebérrima exposición del P. Fr. Nicolas de Lira, ofrece libre entrada a las postillas evangelicas, y à la inteligencia de los Sagrados Evangelios con variedad de Assumptos
Resto del título ideados en el Beato Martyr Raymundo Lulio, y en el padre Fran Juan Escoto, ambos Doctores, Seraficos, y Marianos: Obra utilísima para todos los predicadores: Tomo segundo: Contiene desde el domingo de Pentecostés hasta el duodécimo después del pentecostés
Mención de responsabilidad, etc. su autor el R. P. Fr. Juan Picornell...
260 ## - PUBLICACIÓN, DISTRIBUCIÓN, ETC.
Lugar de publicación, distribución, etc. Mallorca
Nombre del editor, distribuidor, etc. En las Oficina de Ignacio Frav Impressor del Rey nuestro señor
Fecha de publicación, distribución, etc. 1760
300 ## - DESCRIPCIÓN FÍSICA
Extensión [2], 462 p. (t.2)
Dimensiones 20.2 x 15 cm
500 ## - NOTA GENERAL
Nota general Con licencia de los superiores
500 ## - NOTA GENERAL
Nota general Estado físico: presenta encuadernación en pergamino con cintas
500 ## - NOTA GENERAL
Nota general Con marca de fuego: “Procedencia de la marca: Colegio de la Santa Cruz de Querétaro(1). Institución: Congregación de Propaganda Fide. Descripción: Cruz franqueada por las letras iniciales C[olegio] Q[uerétaro], enmarcadas por un círculo. Ubicación de la marca en el libro: Canto superior”
505 0# - NOTA DE CONTENIDO CON FORMATO
Nota de contenido con formato Con un índice de cosas notables
650 14 - PUNTO DE ACCESO ADICIONAL DE MATERIA--TÉRMINO DE MATERIA
Término de materia o nombre geográfico como elemento de entrada Evangelios
Subdivisión cronológica Obras anteriores a 1800
9 (RLIN) 22158
700 1# - PUNTO DE ACCESO ADICIONAL--NOMBRE DE PERSONA
Nombre de persona Lira, Nicolás de
9 (RLIN) 22159
700 1# - PUNTO DE ACCESO ADICIONAL--NOMBRE DE PERSONA
Nombre de persona Martyr Raymundo Lulio
9 (RLIN) 22160
700 1# - PUNTO DE ACCESO ADICIONAL--NOMBRE DE PERSONA
Nombre de persona Juan Duns Escoto
Títulos y otros términos asociados al nombre Fray
9 (RLIN) 22161
856 ## - LOCALIZACIÓN Y ACCESO ELECTRÓNICOS
Nombre del host http://www.marcasdefuego.buap.mx:8180/xmLibris/projects/firebrand/item.jsp?repository=marcas_de_fuego&key=7f442198.xml&num=29
902 ## - CATALOGADOR
Iniciales CFM
942 ## - ELEMENTOS DE PUNTO DE ACCESO ADICIONAL (KOHA)
Fuente del sistema de clasificación o colocación Library of Congress Classification
Tipo de ítem Koha Libros
Holdings
Estado de retiro Estado de pérdida Estado dañado No para préstamo Localización permanente Ubicación/localización actual Fecha de adquisición Total de préstamos Signatura topográfica completa Código de barras Fecha visto por última vez Precio válido a partir de Tipo de ítem Koha
El ejemplar forma parte de la colección y puede ser consultado según las políticas vigentes.       Biblioteca del Museo Franz Mayer (Rogerio Casas-Alatriste) Biblioteca del Museo Franz Mayer (Rogerio Casas-Alatriste) 19/06/2017   CO72 .P53 1760 CFM00233 22/03/2019 22/03/2019 Libros